[Event "ICS rated blitz match"]
[Site "204.178.125.65"]
[Date "2000.12.02"]
[Round "?"]
[White "Hossa"]
[Black "kojuharov"]
[Result "1-0"]
[WhiteElo "2444"]
[BlackElo "2137"]
[PlyCount "107"]
[EventDate "2000.??.??"]

1. e4 c5 2. Nc3 Nc6 3. f4 g6 4. Nf3 Bg7 5. Bb5 Nd4 6. Bc4 e6 7. Nxd4 cxd4 8.
Nb5 d5 9. exd5 exd5 10. Be2 Ne7 11. O-O O-O 12. Re1 a6 13. Na3 b5 14. Kh1 b4
15. Nb1 Re8 16. a3 Nc6 17. d3 Be6 18. axb4 Nxb4 19. Bd2 Qb6 20. Bf3 Rec8 21.
Na3 Rc5 22. Nc4 Qb8 23. Ra5 Rxa5 24. Nxa5 Qb5 25. Nb3 Rc8 26. Bxb4 Qxb4 27. Re2
a5 28. Qd2 Qxd2 29. Rxd2 a4 30. Nc1 Rb8 31. b3 a3 32. Na2 Bf8 33. g3 Bb4 34.
Nxb4 Rxb4 35. Rd1 Rb6 36. Ra1 Ra6 37. g4 h6 38. b4 Kf8 39. b5 Rb6 40. Rxa3 Rxb5
41. Ra7 Rb2 42. Rc7 Ke8 43. Kg2 Kd8 44. Rc5 Ke7 45. Bd1 Kd6 46. Ra5 Rb1 47. Bf3
Rc1 48. Ra2 Kc5 49. Rb2 Bd7 50. Kg3 Ba4 51. Rb7 Bxc2 52. Rxf7 Kd6 53. Rf6+ Ke7
54. Rc6 {kojuharov resigns} 1-0

[Event "ICS rated blitz match"]
[Site "204.178.125.65"]
[Date "2000.12.02"]
[Round "?"]
[White "Hossa"]
[Black "Palooka"]
[Result "1-0"]
[WhiteElo "2449"]
[BlackElo "2156"]
[PlyCount "75"]
[EventDate "2000.??.??"]

1. d4 d5 2. Nf3 c6 3. c4 Nf6 4. Nc3 a6 5. cxd5 cxd5 6. Bf4 Bf5 7. Nh4 Bd7 8. e3
h6 9. Nf3 Nc6 10. a3 Bg4 11. Rc1 e6 12. Bd3 Be7 13. h3 Bxf3 14. Qxf3 O-O 15. g4
Rc8 16. Rg1 g5 17. Bg3 Kg7 18. h4 Bd6 19. Rh1 Bxg3 20. Qxg3 Qc7 21. Qh3 Rh8 22.
b4 Na7 23. f3 Qd7 24. Ne2 Rxc1+ 25. Nxc1 Qc8 26. Na2 Nb5 27. hxg5 hxg5 28.
Qxh8+ Qxh8 29. Rxh8 Kxh8 30. Bxb5 axb5 31. Nc3 Nd7 32. Nxb5 Nb6 33. Nd6 Kg7 34.
Kd2 Nc4+ 35. Nxc4 dxc4 36. Kc3 b5 37. a4 bxa4 38. Kxc4 {Palooka resigns} 1-0

[Event "ICS rated blitz match"]
[Site "204.178.125.65"]
[Date "2000.12.02"]
[Round "?"]
[White "Palooka"]
[Black "Hossa"]
[Result "0-1"]
[WhiteElo "2151"]
[BlackElo "2454"]
[PlyCount "63"]
[EventDate "2000.??.??"]

1. e4 c5 2. c4 Nc6 3. Ne2 e6 4. Nbc3 Nf6 5. d4 cxd4 6. Nxd4 Bb4 7. Nxc6 bxc6 8.
Bd3 O-O 9. Bd2 d6 10. O-O e5 11. Be3 Ng4 12. Bd2 Bc5 13. h3 Nxf2 14. Rxf2 Bxf2+
15. Kxf2 f5 16. Kg1 Qb6+ 17. Kh2 Qxb2 18. Rb1 Qa3 19. Qe2 g6 20. Rb3 Qa5 21.
Bh6 Rf7 22. c5 Be6 23. exf5 Bxb3 24. fxg6 hxg6 25. Qg4 Qxc3 26. Qxg6+ Kh8 27.
axb3 Qxb3 28. Bg5 Qb7 29. Bf6+ Rxf6 30. Qxf6+ Qg7 31. Qxd6 Rg8 32. Be4 {
Palooka resigns} 0-1

[Event "ICS rated blitz match"]
[Site "204.178.125.65"]
[Date "2000.12.02"]
[Round "?"]
[White "Hossa"]
[Black "Palooka"]
[Result "1-0"]
[WhiteElo "2459"]
[BlackElo "2146"]
[PlyCount "31"]
[EventDate "2000.??.??"]

1. e4 c6 2. d4 d5 3. Nc3 dxe4 4. Nxe4 Bf5 5. Ng3 Bg6 6. Bc4 Nf6 7. Nf3 e6 8.
Ne5 Bd6 9. Nxg6 hxg6 10. Bg5 Qc7 11. Qf3 Nbd7 12. O-O-O O-O-O 13. Ne4 Nxe4 14.
Bxd8 Qxd8 15. Qxe4 Nf6 16. Qf3 {Palooka resigns} 1-0

[Event "ICS rated blitz match"]
[Site "204.178.125.65"]
[Date "2000.12.02"]
[Round "?"]
[White "Hossa"]
[Black "nureyev"]
[Result "1-0"]
[WhiteElo "2464"]
[BlackElo "1946"]
[PlyCount "28"]
[EventDate "2000.??.??"]

1. e4 c5 2. c3 d5 3. exd5 Qxd5 4. d4 Nc6 5. Nf3 Bg4 6. dxc5 Qxc5 7. Be3 Qd6 8.
Qxd6 exd6 9. Bb5 Bxf3 10. gxf3 Nf6 11. Nd2 Be7 12. O-O-O O-O-O 13. Rhg1 a6 14.
Bxc6 bxc6 {nureyev resigns} 1-0

[Event "ICS rated blitz match"]
[Site "204.178.125.65"]
[Date "2000.12.02"]
[Round "?"]
[White "nureyev"]
[Black "Hossa"]
[Result "0-1"]
[WhiteElo "1944"]
[BlackElo "2466"]
[PlyCount "26"]
[EventDate "2000.??.??"]

1. e4 c5 2. Nf3 Nc6 3. d4 Nxd4 4. Nxd4 cxd4 5. Qxd4 e6 6. c4 Ne7 7. Nc3 Nc6 8.
Qd2 Bc5 9. Be2 d6 10. b3 O-O 11. Bb2 Nd4 12. f3 Bd7 13. g4 Qh4+ {
nureyev resigns} 0-1

[Event "ICS rated standard match"]
[Site "204.178.125.65"]
[Date "2000.12.02"]
[Round "?"]
[White "Hossa"]
[Black "BrazilianMaster"]
[Result "0-1"]
[WhiteElo "2325"]
[BlackElo "2665"]
[PlyCount "102"]
[EventDate "2000.??.??"]

1. e4 c5 2. c3 d5 3. exd5 Qxd5 4. d4 Nf6 5. Nf3 Bg4 6. Qa4+ Bd7 7. Qb3 cxd4 8.
Bc4 Qe4+ 9. Kf1 e6 10. Nbd2 Qc6 11. Nxd4 Qc7 12. N2f3 Nc6 13. Nb5 Qb8 14. Bd3
a6 15. Nbd4 Nxd4 16. cxd4 Bc6 17. Ne5 Bd5 18. Bc4 Bd6 19. Bxd5 Nxd5 20. Nc4 O-O
21. Kg1 b5 22. Nxd6 Qxd6 23. Bd2 Rac8 24. a4 Qb6 25. Be3 bxa4 26. Qxb6 Nxb6 27.
h3 Rc2 28. Ra2 f5 29. Bg5 Rfc8 30. g4 h6 31. Be7 R8c4 32. gxf5 exf5 33. Bc5 Nd5
34. Kg2 Nc3 35. b3 axb3 36. Rxa6 Ne4 37. Rf1 R4c3 38. Ra8+ Kh7 39. Be7 f4 40.
Rf8 Rg3+ 41. Kh2 Nd2 42. Kh1 Nxf1 43. Bh4 Rxf2 44. Bxg3 Nxg3+ 45. Kg1 Rd2 46.
Rxf4 b2 47. Rf2 b1=Q+ 48. Kg2 Rd3 49. Rf3 Qh1+ 50. Kxg3 Rxf3+ 51. Kh4 Qxh3# {
Hossa checkmated} 0-1

[Event "ICS rated standard match"]
[Site "204.178.125.65"]
[Date "2000.12.02"]
[Round "?"]
[White "BrazilianMaster"]
[Black "Hossa"]
[Result "1/2-1/2"]
[WhiteElo "2669"]
[BlackElo "2321"]
[PlyCount "196"]
[EventDate "2000.??.??"]

1. Nf3 Nf6 2. c4 b6 3. g3 e6 4. Bg2 Bb7 5. O-O Be7 6. d4 O-O 7. Nc3 Na6 8. b3
Ne4 9. Bb2 c5 10. Nxe4 Bxe4 11. dxc5 bxc5 12. Ne5 Bxg2 13. Kxg2 d6 14. Nf3 Qd7
15. Qd2 Rfd8 16. e4 Nb4 17. Rfd1 Qb7 18. Qf4 e5 19. Qg4 Nc2 20. Rac1 Nd4 21.
Nxd4 cxd4 22. Rd3 a5 23. Rcd1 a4 24. Bc1 axb3 25. axb3 g6 26. Qe2 f5 27. f3 Ra1
28. Re1 Rda8 29. exf5 gxf5 30. Bd2 R1a2 31. c5 Rb2 32. Kg1 Raa2 33. Rxd4 exd4
34. Qe6+ Kh8 35. Qf7 Qxb3 36. Qxe7 Qb8 37. Qf6+ Kg8 38. Re7 Ra1+ 39. Be1 Rxe1+
40. Rxe1 Rb1 41. Qe6+ Kg7 42. c6 d3 43. Qd7+ Kg6 44. Rxb1 Qxb1+ 45. Kg2 Qc2+
46. Kh3 d2 47. Qxd6+ Kg7 48. Qe5+ Kf7 49. Qd5+ Kf6 50. Qd8+ Kf7 51. Qd7+ Kf6
52. c7 d1=Q 53. Qxd1 Qxd1 54. c8=Q Qxf3 55. Qf8+ Kg6 56. Qd8 Qg4+ 57. Kg2 Qe2+
58. Kg1 Qe3+ 59. Kf1 Qc1+ 60. Kg2 Qc6+ 61. Kh3 Qe6 62. Qd3 h5 63. Kg2 Qe4+ 64.
Qf3 Qc2+ 65. Kh3 Qc1 66. Qd5 Qe1 67. Qg8+ Kh6 68. Qa2 Qe4 69. Qd2+ Kg6 70. Qd6+
Kh7 71. Qb6 Qg4+ 72. Kg2 Qe2+ 73. Qf2 Qe4+ 74. Kg1 Qe6 75. Qd2 Kg6 76. h4 Kf7
77. Kf1 Qc6 78. Qa2+ Kg7 79. Qa7+ Kg6 80. Qe3 Kf7 81. Qd3 Qc1+ 82. Kf2 Kf6 83.
Qd6+ Kf7 84. Qd7+ Kf6 85. Qd4+ Kg6 86. Qb6+ Kf7 87. Qb7+ Ke6 88. Qf3 Qb2+ 89.
Ke1 Qh2 90. Qe2+ Qxe2+ 91. Kxe2 Kf6 92. Ke3 Ke6 93. Kf3 Ke5 94. Ke3 Ke6 95. Kf4
Kf6 96. Kf3 Ke5 97. Ke3 Ke6 98. Kf4 Kf6 {Game drawn by mutual agreement}
1/2-1/2

[Event "ICS rated bullet match"]
[Site "204.178.125.65"]
[Date "2000.12.02"]
[Round "?"]
[White "Hossa"]
[Black "ChesterX"]
[Result "0-1"]
[WhiteElo "2642"]
[BlackElo "2534"]
[PlyCount "114"]
[EventDate "2000.??.??"]

1. e4 c5 2. c3 d5 3. exd5 Qxd5 4. d4 Nc6 5. Nf3 Nf6 6. Be2 e6 7. O-O Be7 8. c4
Qd8 9. dxc5 Qxd1 10. Rxd1 Ne4 11. Be3 Bxc5 12. Nbd2 Bxe3 13. fxe3 Nf6 14. Ng5
O-O 15. Nde4 Nxe4 16. Nxe4 e5 17. Nd6 Rb8 18. Rd2 f5 19. Rf1 Be6 20. Bf3 e4 21.
Be2 Kh8 22. h4 b6 23. Kf2 Rbd8 24. Rfd1 Ne5 25. Ke1 Rd7 26. g3 Rc7 27. b3 a6
28. Kf2 Rd7 29. b4 Rc7 30. c5 bxc5 31. bxc5 Rxc5 32. a3 Rc3 33. Rb2 Rxa3 34.
Rb7 Ng4+ 35. Bxg4 fxg4+ 36. Ke2 Ra2+ 37. Ke1 Rg2 38. Re7 Bb3 39. Rd2 Rxg3 40.
Rxe4 Rg1+ 41. Ke2 g3 42. Kd3 a5 43. Rg4 a4 44. h5 a3 45. h6 gxh6 46. Ne4 a2 47.
Rxa2 Rd8+ 48. Kc3 Bxa2 49. Rxg3 Rgd1 50. Kb2 Bf7 51. Nf6 R1d2+ 52. Kc3 R8d3+
53. Kb4 Rb2+ 54. Ka4 Rd8 55. Rg5 hxg5 56. Ka3 Rb3+ 57. Ka4 Ra8# {
Hossa checkmated} 0-1

[Event "ICS rated blitz match"]
[Site "204.178.125.65"]
[Date "2000.12.02"]
[Round "?"]
[White "Palooka"]
[Black "Hossa"]
[Result "0-1"]
[WhiteElo "2120"]
[BlackElo "2469"]
[PlyCount "40"]
[EventDate "2000.??.??"]

1. e4 c6 2. d3 d5 3. Nd2 dxe4 4. dxe4 e5 5. Bc4 Nf6 6. Ngf3 Bd6 7. O-O O-O 8.
h3 b5 9. Bb3 Na6 10. c3 Nc5 11. Bc2 a5 12. Nb3 Ncxe4 13. Qe2 a4 14. Nbd2 Nxd2
15. Bxd2 Be6 16. Bg5 Bc4 17. Bd3 Bxd3 18. Qxd3 e4 19. Bxf6 Bh2+ 20. Nxh2 Qxd3 {
Palooka resigns} 0-1

[Event "ICS rated blitz match"]
[Site "204.178.125.65"]
[Date "2000.12.02"]
[Round "?"]
[White "Hossa"]
[Black "Palooka"]
[Result "1-0"]
[WhiteElo "2473"]
[BlackElo "2116"]
[PlyCount "73"]
[EventDate "2000.??.??"]

1. e4 c6 2. d4 d5 3. Nc3 dxe4 4. Nxe4 Bf5 5. Ng3 Bg6 6. Bc4 e6 7. N1e2 Nf6 8.
Nf4 Nd5 9. Nxg6 hxg6 10. c3 Be7 11. Ne4 Nd7 12. O-O Qc7 13. h3 O-O-O 14. Ng5
Rdf8 15. Bd2 Rh5 16. Qc1 Qd8 17. Nf3 g5 18. Rd1 Rfh8 19. Ne5 Nxe5 20. dxe5 g4
21. Be2 Rxe5 22. Bxg4 f5 23. Bf4 fxg4 24. Bxe5 gxh3 25. c4 hxg2 26. cxd5 exd5
27. Qe3 b6 28. Bxg7 Rh7 29. Qe6+ Kb7 30. Bd4 Qf8 31. Qd7+ Ka6 32. Kxg2 Qf4 33.
Qc8+ Kb5 34. a4+ Kb4 35. Qe6 Rh2+ 36. Kg1 Qh4 37. Qe1+ {Palooka resigns} 1-0

[Event "ICS rated bullet match"]
[Site "204.178.125.65"]
[Date "2000.12.02"]
[Round "?"]
[White "Whizzo"]
[Black "Hossa"]
[Result "1-0"]
[WhiteElo "2813"]
[BlackElo "2621"]
[PlyCount "115"]
[EventDate "2000.??.??"]

1. e4 c5 2. Nf3 Nc6 3. d4 Nxd4 4. Nxd4 cxd4 5. Qxd4 e6 6. Nc3 Ne7 7. Be3 Nc6 8.
Qd2 Be7 9. Bb5 O-O 10. f3 a6 11. Be2 d6 12. Na4 Rb8 13. Nb6 Bg5 14. Bxg5 Qxb6
15. O-O-O Qc7 16. Qxd6 Qa5 17. Be7 Nxe7 18. Qxb8 Qxa2 19. Qd6 Qa1+ 20. Kd2 Qa5+
21. b4 Qg5+ 22. f4 Qf6 23. Qe5 Qxe5 24. fxe5 Rd8+ 25. Ke3 Bd7 26. Rd6 Nc6 27.
Rhd1 Nxe5 28. Rb6 Rb8 29. Bxa6 Bc6 30. Rd4 Ng4+ 31. Ke2 Nf6 32. Bxb7 Be8 33. c4
e5 34. Rdd6 Bd7 35. c5 Bg4+ 36. Kd3 Ne8 37. Bc6 Rc8 38. Bxe8 Rxe8 39. c6 f5 40.
h3 fxe4+ 41. Kxe4 Bc8 42. Rb5 Rf8 43. Rxe5 g6 44. b5 Bf5+ 45. Rxf5 gxf5+ 46.
Ke5 Re8+ 47. Kxf5 Kg7 48. c7 Rf8+ 49. Ke6 h5 50. b6 Rf6+ 51. Kd7 Rf7+ 52. Kc6
Rf2 53. c8=Q Rc2+ 54. Kd7 Rxg2 55. Qb7 Rf2 56. Ke8+ Kh8 57. Rh6+ Kg8 58. Qh7# {
Hossa checkmated} 1-0

[Event "ICS rated bullet match"]
[Site "204.178.125.65"]
[Date "2000.12.02"]
[Round "?"]
[White "Hossa"]
[Black "Whizzo"]
[Result "0-1"]
[WhiteElo "2613"]
[BlackElo "2821"]
[PlyCount "94"]
[EventDate "2000.??.??"]

1. e4 e5 2. Nf3 Nc6 3. Bb5 a6 4. Ba4 Nf6 5. O-O Be7 6. Re1 b5 7. Bb3 d6 8. c3
O-O 9. h3 Na5 10. Bc2 c5 11. d4 Qc7 12. Nbd2 cxd4 13. cxd4 Bb7 14. Nf1 Rac8 15.
Bb1 d5 16. exd5 exd4 17. Bf5 Rcd8 18. Nxd4 Qc5 19. Qc2 Rfe8 20. Qxc5 Bxc5 21.
Rxe8+ Rxe8 22. Nf3 Nxd5 23. Ng3 g6 24. Be4 f5 25. Bd3 Nb4 26. Be2 Bxf3 27. Bxf3
Re1+ 28. Kh2 Bxf2 29. Ne2 Nc4 30. Nc3 f4 31. Ne2 Nd3 32. a4 Nxc1 33. Bd5+ Kh8
34. axb5 Rxe2 35. Rxc1 axb5 36. b3 Ne3 37. Bc6 Rb2 38. Bxb5 Bg3+ 39. Kh1 Rxg2
40. Ra1 Rh2+ 41. Kg1 f3 42. Ra8+ Kg7 43. Ra7+ Kf6 44. Ra6+ Ke5 45. Ra2 Rxa2 46.
Bf1 Ra1 47. b4 Rxf1# {Hossa checkmated} 0-1

[Event "ICS rated bullet match"]
[Site "204.178.125.65"]
[Date "2000.12.02"]
[Round "?"]
[White "Whizzo"]
[Black "Hossa"]
[Result "1-0"]
[WhiteElo "2828"]
[BlackElo "2606"]
[PlyCount "87"]
[EventDate "2000.??.??"]

1. e4 e5 2. Nf3 Nc6 3. Bb5 a6 4. Ba4 Nf6 5. O-O Be7 6. Re1 b5 7. Bb3 d6 8. c3
O-O 9. h3 Na5 10. Bc2 c5 11. d4 Qc7 12. Nbd2 cxd4 13. cxd4 Bb7 14. Nf1 Rac8 15.
Re2 d5 16. dxe5 Nxe4 17. Ng3 Nxg3 18. fxg3 d4 19. Bf4 Bxf3 20. gxf3 Qd7 21. Qd3
g6 22. Kg2 Nc6 23. Bb3 Qa7 24. Rd1 Kg7 25. e6 fxe6 26. Bxe6 Rcd8 27. Qe4 g5 28.
Bd2 Nb4 29. a3 d3 30. Re3 Nc2 31. Rxd3 Rxd3 32. Qxd3 Qb6 33. Qd7 Qd8 34. Bxg5
Re8 35. Bg4 h5 36. Bxh5 Rh8 37. Qa7 Qf8 38. Bxe7 Ne3+ 39. Qxe3 Qf5 40. Bf6+
Kxf6 41. Rd6+ Kg7 42. Qe7+ Kg8 43. Rd8+ Qf8 44. Rxf8# {Hossa checkmated} 1-0

[Event "ICS rated bullet match"]
[Site "204.178.125.65"]
[Date "2000.12.02"]
[Round "?"]
[White "Hossa"]
[Black "Korak"]
[Result "1-0"]
[WhiteElo "2599"]
[BlackElo "2137"]
[PlyCount "69"]
[EventDate "2000.??.??"]

1. e4 b6 2. d4 Bb7 3. Nc3 e6 4. Bd3 Be7 5. Nf3 Nf6 6. e5 Ng8 7. O-O h5 8. Be3
Nh6 9. Be4 Bxe4 10. Nxe4 Nf5 11. c3 d5 12. exd6 cxd6 13. Bf4 d5 14. Ng3 Nxg3
15. Bxg3 Nd7 16. Qe2 Nf6 17. Ne5 Ne4 18. Qb5+ Kf8 19. Bf4 g5 20. Nc6 Qd7 21.
Be5 Rg8 22. f3 a6 23. Qxb6 Nd6 24. Bxd6 Bxd6 25. Rfe1 Kg7 26. Ne5 Bxe5 27. dxe5
Kh6 28. Re2 Rgb8 29. Qe3 Qe7 30. f4 Rg8 31. Rf1 g4 32. f5+ Kh7 33. fxe6 Qxe6
34. Rf6 Qd7 35. Qh6# {Korak checkmated} 1-0

[Event "ICS rated bullet match"]
[Site "204.178.125.65"]
[Date "2000.12.02"]
[Round "?"]
[White "Korak"]
[Black "Hossa"]
[Result "0-1"]
[WhiteElo "2135"]
[BlackElo "2601"]
[PlyCount "62"]
[EventDate "2000.??.??"]

1. b3 d5 2. Bb2 c5 3. g3 e6 4. Bg2 Nf6 5. e3 Bd6 6. Ne2 e5 7. O-O O-O 8. d3 Nc6
9. Nd2 Bf5 10. a3 Qd7 11. e4 Bh3 12. exd5 Bxg2 13. Kxg2 Nxd5 14. Nc4 b5 15. Ne3
Bc7 16. Nc3 Nxc3 17. Bxc3 Nd4 18. Bxd4 cxd4 19. Ng4 f5 20. Nxe5 Bxe5 21. Qf3 f4
22. Qe4 Rae8 23. f3 Bb8 24. Qa8 fxg3 25. hxg3 Re2+ 26. Rf2 Rxf2+ 27. Kxf2 Bxg3+
28. Kxg3 Rxa8 29. Re1 Qc7+ 30. f4 Qxc2 31. Re4 Qxd3+ {Korak resigns} 0-1

[Event "ICS rated bullet match"]
[Site "204.178.125.65"]
[Date "2000.12.02"]
[Round "?"]
[White "Hossa"]
[Black "Korak"]
[Result "1-0"]
[WhiteElo "2603"]
[BlackElo "2133"]
[PlyCount "63"]
[EventDate "2000.??.??"]

1. d4 e6 2. Nc3 d5 3. e4 dxe4 4. Nxe4 Nd7 5. Nf3 Ngf6 6. Nxf6+ Nxf6 7. Bd3 Be7
8. O-O O-O 9. c3 b6 10. Qc2 Bb7 11. Bg5 h6 12. Bxf6 Bxf6 13. Bh7+ Kh8 14. Be4
Bxe4 15. Qxe4 Rc8 16. Qb7 a5 17. Qe4 Qd5 18. Qe2 c5 19. dxc5 Qxc5 20. Rfd1 Rfd8
21. Nd2 Qf5 22. Ne4 Be7 23. Ng3 Qc5 24. Qf3 Kg8 25. Qb7 Rxd1+ 26. Rxd1 Qc7 27.
Rd7 Qxb7 28. Rxb7 Rc6 29. Rxe7 Rd6 30. Rb7 Rd1+ 31. Nf1 Rd6 32. Ne3 {
Korak resigns} 1-0

[Event "ICS rated bullet match"]
[Site "204.178.125.65"]
[Date "2000.12.02"]
[Round "?"]
[White "Korak"]
[Black "Hossa"]
[Result "0-1"]
[WhiteElo "2131"]
[BlackElo "2605"]
[PlyCount "64"]
[EventDate "2000.??.??"]

1. b3 d5 2. Bb2 c5 3. f4 d4 4. Nf3 Bf5 5. g3 Nc6 6. Bg2 Nf6 7. O-O Qc7 8. e3 d3
9. c3 O-O-O 10. a4 h6 11. Na3 Qd7 12. Nc4 Kb8 13. Nfe5 Nxe5 14. Nxe5 Qe8 15. c4
Rg8 16. a5 Be4 17. Bxe4 Nxe4 18. a6 b6 19. Ra2 g6 20. Ba1 f6 21. Qf3 f5 22. Rb1
Bg7 23. g4 h5 24. gxf5 gxf5 25. Kh1 h4 26. b4 cxb4 27. Rxb4 Bxe5 28. Bxe5+ Kc8
29. Bd4 Nf2+ 30. Qxf2 Qc6+ 31. e4 Qxe4+ 32. Qf3 Qxf3# {Korak checkmated} 0-1

[Event "ICS rated bullet match"]
[Site "204.178.125.65"]
[Date "2000.12.02"]
[Round "?"]
[White "Hossa"]
[Black "Korak"]
[Result "1-0"]
[WhiteElo "2607"]
[BlackElo "2129"]
[PlyCount "69"]
[EventDate "2000.??.??"]

1. e4 c6 2. d4 d5 3. Nc3 dxe4 4. Nxe4 Nd7 5. Nf3 e6 6. Bd3 Ngf6 7. O-O Nxe4 8.
Bxe4 Nf6 9. Bd3 Be7 10. c3 O-O 11. Qc2 b6 12. Bg5 h6 13. Bxf6 Bxf6 14. Rfd1 Bb7
15. Ne5 Qc7 16. Re1 c5 17. Bh7+ Kh8 18. Ng4 Be7 19. Be4 cxd4 20. Bxb7 Qxb7 21.
cxd4 Rac8 22. Qd3 Rfd8 23. Ne5 Kg8 24. Re4 Bc5 25. Rf4 f6 26. Qb3 Bxd4 27.
Qxe6+ Kh7 28. Nf7 Re8 29. Qf5+ Kg8 30. Nd6 Qc6 31. Rxd4 Rcd8 32. Qg6 Re7 33.
Nf5 Red7 34. Ne7+ Rxe7 35. Rxd8+ {Korak resigns} 1-0

[Event "ICS rated bullet match"]
[Site "204.178.125.65"]
[Date "2000.12.02"]
[Round "?"]
[White "Korak"]
[Black "Hossa"]
[Result "0-1"]
[WhiteElo "2127"]
[BlackElo "2609"]
[PlyCount "36"]
[EventDate "2000.??.??"]

1. c3 c5 2. d3 d5 3. e3 e5 4. Nd2 Nf6 5. b3 Bd6 6. Bb2 O-O 7. f3 Nc6 8. g3 d4
9. cxd4 cxd4 10. e4 Be6 11. Bg2 Qa5 12. Ne2 Nb4 13. Qb1 Rac8 14. O-O b5 15. a3
Nc2 16. Ra2 Qxd2 17. Rf2 Bxb3 18. Bc1 Qd1+ {Korak resigns} 0-1

[Event "ICS rated bullet match"]
[Site "204.178.125.65"]
[Date "2000.12.02"]
[Round "?"]
[White "Hossa"]
[Black "Korak"]
[Result "1-0"]
[WhiteElo "2611"]
[BlackElo "2125"]
[PlyCount "53"]
[EventDate "2000.??.??"]

1. e4 e6 2. Nf3 d6 3. d4 Be7 4. Bd3 Nf6 5. O-O O-O 6. Na3 c5 7. c3 Nc6 8. dxc5
dxc5 9. Bf4 Ng4 10. h3 e5 11. Bg3 Nf6 12. Nxe5 Nxe5 13. Bxe5 Re8 14. Qf3 Be6
15. Rfd1 Qb6 16. Bb5 Red8 17. b3 a6 18. Ba4 Qa5 19. Qg3 Rdc8 20. c4 b5 21. cxb5
axb5 22. Nxb5 c4 23. Bc3 Qb6 24. Nd6 Bxd6 25. Rxd6 Qb7 26. Bxf6 g6 27. Qe3 {
Korak resigns} 1-0

[Event "ICS rated bullet match"]
[Site "204.178.125.65"]
[Date "2000.12.02"]
[Round "?"]
[White "Hossa"]
[Black "Korak"]
[Result "1-0"]
[WhiteElo "2615"]
[BlackElo "2121"]
[PlyCount "57"]
[EventDate "2000.??.??"]

1. e4 b6 2. d4 Bb7 3. Nc3 g6 4. Nf3 Bg7 5. Be2 e6 6. O-O Ne7 7. Bf4 O-O 8. Ng5
d6 9. Qd2 Nd7 10. Bc4 Re8 11. Bb5 c6 12. Be2 e5 13. dxe5 Nxe5 14. a3 h6 15. Nf3
Nxf3+ 16. Bxf3 d5 17. exd5 Bxc3 18. Qxc3 Nxd5 19. Bxd5 Qxd5 20. Bxh6 Qe5 21.
Qxe5 Rxe5 22. Rfe1 Rae8 23. Rxe5 Rxe5 24. Be3 c5 25. Re1 Kh7 26. f3 Re6 27. Kf2
Bd5 28. Rd1 a5 29. Rxd5 {Korak resigns} 1-0

[Event "ICS rated blitz match"]
[Site "204.178.125.65"]
[Date "2000.12.02"]
[Round "?"]
[White "vic-1952"]
[Black "Hossa"]
[Result "1-0"]
[WhiteElo "2029"]
[BlackElo "2477"]
[PlyCount "71"]
[EventDate "2000.??.??"]

1. e4 c5 2. Nf3 e6 3. d4 cxd4 4. Nxd4 Nf6 5. Nc3 d6 6. Be2 Nc6 7. Be3 Be7 8.
O-O O-O 9. Kh1 a6 10. a4 Qc7 11. f4 Bd7 12. Nb3 b6 13. Bf3 Rfd8 14. Qe1 Rab8
15. Qf2 Bc8 16. Rae1 Rf8 17. Bc1 Bb7 18. g4 Nd7 19. g5 Rbd8 20. Rg1 Nc5 21.
Nxc5 dxc5 22. Ne2 Rd7 23. c3 Na5 24. f5 Bd6 25. f6 Bc6 26. Qh4 Rfd8 27. Nf4 g6
28. Rg3 Nb3 29. Rh3 h5 30. gxh6 Nxc1 31. h7+ Kh8 32. Qh6 Bf8 33. Qxg6 Bh6 34.
Qxh6 Rg8 35. hxg8=Q+ Kxg8 36. Qh8# {Hossa checkmated} 1-0

[Event "ICS rated blitz match"]
[Site "204.178.125.65"]
[Date "2000.12.02"]
[Round "?"]
[White "Hossa"]
[Black "JenMan"]
[Result "1-0"]
[WhiteElo "2447"]
[BlackElo "1938"]
[PlyCount "46"]
[EventDate "2000.??.??"]

1. e4 c5 2. Nf3 Nc6 3. Bb5 g6 4. O-O Bg7 5. d3 e6 6. Nc3 Nge7 7. Bf4 e5 8. Bg5
h6 9. Bh4 O-O 10. Nd2 g5 11. Bg3 Nd4 12. Bc4 d6 13. Rc1 Ng6 14. Qh5 Be6 15.
Bxe6 Nxe6 16. Nd5 Ngf4 17. Bxf4 Nxf4 18. Nxf4 exf4 19. c3 Re8 20. Rfd1 d5 21.
h4 dxe4 22. Nxe4 b6 23. hxg5 Qd5 {JenMan resigns} 1-0

[Event "ICS rated bullet match"]
[Site "204.178.125.65"]
[Date "2000.12.02"]
[Round "?"]
[White "RubberSoul"]
[Black "Hossa"]
[Result "0-1"]
[WhiteElo "2034"]
[BlackElo "2617"]
[PlyCount "78"]
[EventDate "2000.??.??"]

1. e4 c5 2. d3 e6 3. Nf3 d5 4. exd5 exd5 5. Be2 Nf6 6. O-O Bd6 7. Re1 O-O 8.
Bg5 h6 9. Bh4 Nc6 10. Nbd2 Re8 11. Bf1 Rxe1 12. Qxe1 Bf5 13. Rd1 Nb4 14. Nb3
Bg4 15. Qd2 Bxf3 16. gxf3 Nxa2 17. Bg3 b6 18. c3 d4 19. Nc1 Nxc1 20. Rxc1 dxc3
21. bxc3 Nd5 22. c4 Nb4 23. Bg2 Bxg3 24. Rd1 Bh4 25. f4 Rb8 26. Qe3 Nc2 27. Qe5
Bf6 28. Qe2 Nd4 29. Qe3 Qf8 30. Qg3 Ne2+ 31. Kh1 Nxg3+ 32. fxg3 a5 33. Bf1 Bd4
34. Bg2 Re8 35. Bf3 Re2 36. Be4 g6 37. Bf3 Qe8 38. Bxe2 Qc6+ 39. Bf3 Qxf3# {
RubberSoul checkmated} 0-1

[Event "ICS rated blitz match"]
[Site "204.178.125.65"]
[Date "2000.12.02"]
[Round "?"]
[White "Njall"]
[Black "Hossa"]
[Result "0-1"]
[WhiteElo "2219"]
[BlackElo "2449"]
[PlyCount "54"]
[EventDate "2000.??.??"]

1. d4 d5 2. e3 Nf6 3. Bd3 c5 4. c3 Bg4 5. Ne2 Qb6 6. O-O c4 7. Bc2 Bh5 8. Nd2
e6 9. e4 Nc6 10. f4 dxe4 11. Nxe4 Nxe4 12. Bxe4 Be7 13. Be3 Qxb2 14. Rf2 Bxe2
15. Rxe2 Qxc3 16. Rc1 Qa5 17. Qc2 Ba3 18. Rb1 Qa6 19. Bxh7 Nb4 20. Qe4 c3 21.
Bc1 Bxc1 22. Rxb4 Bxf4 23. Rxb7 Rxh7 24. Rb3 Rc8 25. Qxh7 Qxe2 26. Qg8+ Ke7 27.
Rb7+ Rc7 {Njall resigns} 0-1

[Event "ICS rated blitz match"]
[Site "204.178.125.65"]
[Date "2000.12.02"]
[Round "?"]
[White "Hossa"]
[Black "Njall"]
[Result "1-0"]
[WhiteElo "2456"]
[BlackElo "2212"]
[PlyCount "45"]
[EventDate "2000.??.??"]

1. d4 c6 2. c4 Nf6 3. Nc3 d6 4. e4 Nbd7 5. Nf3 g6 6. e5 dxe5 7. dxe5 Ng4 8. e6
fxe6 9. Be2 Bg7 10. Ng5 Bxc3+ 11. bxc3 Ngf6 12. Nxe6 Qa5 13. Qd4 Nf8 14. Nxf8
Rxf8 15. Bh6 Rf7 16. O-O Bf5 17. Rfd1 e5 18. Qe3 Ng4 19. Bxg4 Bxg4 20. Rd6 Rd8
21. Rxd8+ Kxd8 22. Qg5+ Ke8 23. Qxg4 {Njall resigns} 1-0

[Event "ICS rated blitz match"]
[Site "204.178.125.65"]
[Date "2000.12.02"]
[Round "?"]
[White "winner3"]
[Black "Hossa"]
[Result "1/2-1/2"]
[WhiteElo "2238"]
[BlackElo "2475"]
[PlyCount "54"]
[EventDate "2000.??.??"]

1. e4 c5 2. Nc3 Nc6 3. f4 e6 4. Nf3 Nge7 5. d3 d5 6. e5 d4 7. Ne4 Nd5 8. g3 Ne3
9. Bxe3 dxe3 10. c3 f5 11. exf6 gxf6 12. Nh4 f5 13. Ng5 Be7 14. Qh5+ Kd7 15.
Ngf3 Qb6 16. O-O-O Qa5 17. Kb1 Kc7 18. Re1 Qa4 19. Bg2 c4 20. Rxe3 cxd3 21.
Rxd3 e5 22. Nxe5 Be6 23. b3 Bxb3 24. axb3 Qxb3+ 25. Ka1 Qa3+ 26. Kb1 Qb3+ 27.
Ka1 Qa3+ {Game drawn by mutual agreement} 1/2-1/2